| 000 | 01920cam a22002174a 4500 | ||
|---|---|---|---|
| 005 | 20250605164241.0 | ||
| 008 | 250528s ||||||||||||||||||||||||d | ||
| 035 | _a21339 | ||
| 020 | _a9789602186015 | ||
| 040 |
_aGR-AtMCL _bgre _dGR-AtMCL _eAACR2 |
||
| 245 | 1 | _aΟικογενειακές Επιχειρήσεις στη Νέα Οικονομία / Business - Management | |
| 250 | _a1η | ||
| 260 |
_bΚριτική, _c2008 |
||
| 300 | _a272 | ||
| 520 | _aΣτο βιβλίο αυτό ο συγγραφέας παρουσιάζει τις βασικές αρχές διαχείρισης μιας οικογενειακής επιχείρησης που εξασφαλίζουν την επιτυχημένη λειτουργία και τη μακροβιότητα της. Πρόλογος, Εισαγωγή: Το Σκηνικό και οι Πρωταγωνιστές, Η Οικογενειακή Επιχείρηση, Ο Κόσμος των Οικογενειακών Επιχειρήσεων, Το Εννοιολογικό Πλαίσιο, Το Στρατηγικό Μάνατζμεντ των Οικογενειακών Επιχειρήσεων, Η Διαδικασία του Παράλληλου Σχεδιασμού, Οι Δώδεκα Άθλοι του Ιδιοκτήτη και Ηγέτη της Οικογενειακής Επιχείρησης, Εναλλακτικές Στρατηγικές Εξέλιξης της Οικογενειακής Επιχείρησης, Ανάπτυξη και Διαδοχή, Μεταλαμπάδευση και Επιχειρησιακό Σχέδιο, Επίλογος: Μεταλαμπάδευση και ο Αποχωρισμός, Βιβλιογραφία, Χρήσιμες Ιστοσελίδες. | ||
| 700 | 1 |
_aΑνδρεάδης Σταύρος _97397 |
|
| 700 | 1 |
_aΚεφαλας Αστεριος Γ _9470 |
|
| 942 | _cBK | ||
| 999 |
_c6404 _d6404 |
||